Hauptstädte, die auf O enden - Statistiken

Allgemein
  • Dieses Quiz wurde 549 mal gespielt
  • Das Durchschnittsergebnis liegt bei 8 aus 17
Antwortstatistiken
Antwort % Korrekt
Oslo
84%
Kairo
80%
Tokio
72%
Monaco
57%
Quito
54%
Montevideo
53%
San Marino
53%
Porto Novo
49%
Maputo
47%
Antananarivo
46%
Bamako
45%
Santo Domingo
41%
Malabo
39%
Paramaribo
39%
Sarajevo
38%
Majuro
24%
Yamoussoukro
23%
Keine übereinstimmenden Quizze gefunden
Verteilung der Resultate
Anzahl Personen mit jedem Resultat
Perzentil nach korrekt beantworteten Fragen
Ihre Resultats-Entwicklung
Sie haben dieses Quiz noch nicht gespielt